00501cam a22002051 4500001001300000003000400013005001700017008004100034010001700075035002000092040001800112042001200130050002100142100003400163245003100197260001700228300001800245500001500263999001700278sa 66003026 DLC20260227112233.0881028s1965 xx 000 0 benr  asa 66003026  a(OCoLC)23548633 aDLCcMiUdDLC apremarc00aPK1718.G4745bB51 aGhosh, Profulla Kumar,d1909-10aBiplabī Bāṅgālī. a[n.p.c1965] a92 p.c18 cm. aRomanized. c68679d68679